000 01043nac a22003377a 4500
001 BR0300763
003 BR-BrBNA
005 20240105122737.0
008 230509b bl.|||m| |||| 00| 0 por d
040 _aBR-BrBNA
_bpor
_cBiblioteca Nacional de Agricultura
072 _aF01; F08
090 _a1410 BR0300763
100 1 _aOliveira, A.F.F. de
100 1 _aNascimento Junior, J. de D.B.
110 1 _aEMBRAPA Amazônia Oriental, Belém, PA (Brasil)
245 1 _aAspectos da cultura do feijoeiro no Estado do Pará
260 3 _aBelém, PA (Brasil):
_c2000.
300 _a36 p.
490 _aDocumentos - EMBRAPA Amazônia Oriental (Brazil)
_vno. 70
_xISSN 1517-2201
500 _aSummaries (En, Pt); 39 ref.
650 _aFEIJÃO
650 _aPRÁTICA CULTURAL
650 _aPRODUTIVIDADE
650 _aSEMENTE FISCALIZADA
650 _aCONSORCIAÇÃO DE CULTURA
650 _aCONTROLE BIOLÓGICO
650 _aMELA
650 _aPARÁ
909 _a202312
_bLúcia Elande
_c55
_dLúcia Elande
942 _2AGRIS
_n0
_cMS
999 _c292615
_d292615